APEC Schools

Challenging science puzzles / (Record no. 59)

000 -LEADER
fixed length control field 00981pam a2200277 a 4500
005 - DATE AND TIME OF LATEST TRANSACTION
control field 20170810010832.0
008 - FIXED-LENGTH DATA ELEMENTS--GENERAL INFORMATION
fixed length control field 961121s1997 nyua 001 0 eng
020 ## - IDENTIFIER FOR THE MANIFESTATION
Identifier for the Manifestation 0806996102
040 ## - CATALOGING SOURCE
Transcribing Agency APEC Schools Library
Language of Cataloging eng
Description Conventions rda
082 00 - DEWEY DECIMAL CLASSIFICATION NUMBER
Classification number C 530.02
Author's Number C332t 2015
100 1# - CREATOR
Preferred Name of the Person Brecher, Erwin.
245 10 - TITLE AND STATEMENT OF RESPONSIBILITY
Preferred Title Proper Challenging science puzzles /
Statement of Responsibility/Parallel Statement of Responsibility Erwin Brecher & Mike Gerrard.
246 30 - VARIANT PARALLEL TITLE PROPER
Parallel Title Proper/Variant/Later Title Proper Science puzzles
264 ## - PUBLICATION STATEMENT
Place of publication, distribution, etc New Delhi, India :
Publisher's Name/Parallel Publisher's Name Goodwill Publishing House
Copyright ©2015
Date of Publication [2015]
300 ## - PHYSICAL DESCRIPTION
Extent 95 pages :
Illustrative Content illustrations ;
Dimensions 21 cm
336 ## - RDA CONTENT
Source rdacontent
Content Type text
337 ## - RDA MEDIA
Source rdamedia
Media Type unmediated
338 ## - RDA CARRIER
Source rdacarrier
Carrier Type volume
500 ## - GENERAL NOTE
Note on Title/Statement of Responsibility/Edition/Publication/Copyright Includes index.
520 ## - SUMMARIZATION OF THE CONTENT
Summarization of the Content "Science can make everything in life more interesting. Find the answers to over 100 fascinating quandaries involving heat, light, sound, and even outer space. All the puzzles are based on elementary science and involve things you're familiar with, like golf balls, kettles, and carpets, so they're easy to understand and appreciate."--
650 #0 - ADDED SUBJECT ACCESS POINT - TOPICAL TERM
Topical Term Physics
General Subdivision Miscellanea.
650 #0 - ADDED SUBJECT ACCESS POINT - TOPICAL TERM
Topical Term Science
General Subdivision Miscellanea
650 #0 - ADDED SUBJECT ACCESS POINT - TOPICAL TERM
Topical Term Puzzles
700 1# - ADDED AUTHORIZED ACCESS POINT - PERSONAL NAME
Preferred Name of the Person Gerrard, Mike.
856 42 - ELECTRONIC LOCATION AND ACCESS
Materials specified Publisher description
Uniform Resource Identifier http://www.loc.gov/catdir/description/ste022/96049194.html
942 ## - ADDED ENTRY ELEMENTS (KOHA)
Source of Classification
Koha Item Type Books
Holdings
Library Site Location Shelving Location Source of Acquisition Full Classification Number Accession Number Koha Item Type
APEC C. Raymundo Library APEC C. Raymundo Library Circulation   C 530.02 C332t 2015 A07-0000031 Non Fiction
APEC Doña Juana Library APEC Doña Juana Library Circulation   C 530.02 C332t 2015 A02-0000035 Non Fiction
APEC Holy Spirit Library APEC Holy Spirit Library Circulation   C 530.02 C332t 2015 A03-0000033 Non Fiction
APEC North Fairview Library APEC North Fairview Library Circulation   C 530.02 C332t 2015 A04-0000033 Non Fiction
APEC V. Luna Library APEC V. Luna Library Circulation Institutional Fund C 530.02 C332t 2015 A01-0000024 Non Fiction

Powered by Koha